México después del Segundo Informe de Gobierno de Ernesto Zedillo /

Emisión del programa Nexos TV del 5 de septiembre de 1996, dedicada a analizar el Segundo informe de gobierno de Ernesto Zedillo, presidente de México. Examinan el informe, cuatro días después de su presentación pública, Arturo Núñez Jiménez, subsecretario de Gobierno de la Secretaría de Gobernación...

Celý popis

Uloženo v:
Podrobná bibliografie
Hlavní autor: Cordera Campos, Rolando (dir. general)
Další autoři: Sánchez Rebolledo, Adolfo (coordinación) (coordinación), Gutiérrez, Marcela (producción) (producción), Sánchez Rebolledo, Adolfo (guión) (guión), Aguilar Camín, Héctor (asesoría) (asesoría), Núñez Jiménez, Arturo (conferencia) (conferencia), Quintana, Enrique (conferencia) (conferencia), Rubio, Luis (conferencia) (conferencia), Salazar Carrión, Luis (conferencia) (conferencia), Sidaoui Dib, José Julián (conferencia) (conferencia), Woldenberg, José (conferencia) (conferencia)
Médium: Video
Jazyk:španělština
Vydáno: México : Televisión Azteca, 1996, c1996
Edice:(Nexos TV ; 389)
Témata:
Tagy: Přidat tag
Žádné tagy, Buďte první, kdo vytvoří štítek k tomuto záznamu!

MARC

LEADER 00000ngm^a2200000^a^4500
001 000275297
005 20250521000000.0
009 20260310111227.178
037 |a Acervo ITESO - Biblioteca 
041 |a ESP 
082 |a 320. 972  |b NEX V. 389 
100 |a Cordera Campos, Rolando  |e (dir. general) 
240 1 1 |a [Nexos TV] 
245 1 0 |a México después del Segundo Informe de Gobierno de Ernesto Zedillo /  |c Dir. general de R. Cordera Campos. 
264 4 |a México :  |b Televisión Azteca,  |c 1996, c1996 
300 |a 1 videocasete VHS  |c (58 min.) 
336 |a imagen móvil bidimensional  |b tdi  |2 rdacontenido 
337 |a video  |b v  |2 rdamedio 
338 |a videocasete  |b vf  |2 rdasoporte 
440 1 |a (Nexos TV ;  |v 389) 
520 |a Emisión del programa Nexos TV del 5 de septiembre de 1996, dedicada a analizar el Segundo informe de gobierno de Ernesto Zedillo, presidente de México. Examinan el informe, cuatro días después de su presentación pública, Arturo Núñez Jiménez, subsecretario de Gobierno de la Secretaría de Gobernación; Enrique Quintana, director adjunto del diario Reforma; Luis Rubio, director del Centro de Investigación para el Desarrollo (CIDAC); el filósofo Luis Salazar Carrión; José Julián Sidaoui Dib, subsecretario de Hacienda y Crédito Público, y José Woldenberg, consejero ciudadano del Consejo General del Instituto Federal Electoral (IFE). 
649 |a XX 
650 |a Jefes de Estado Mexicanos -  |x Informes -  |x Tema Principal 
650 |a Políticos Mexicanos 
650 |a Programas de Opinión y Debate 
650 |a Debates y el Arte de Discutir 
650 |a Informe de Gobierno -  |z México -  |x Historia -  |y 1994-2000 -  |x Tema Principal 
650 |a Informe de Gobierno -  |z México -  |x Historia -  |y Siglo XX 
650 |a México -  |x Condiciones Políticas 
650 |a Política -  |z México -  |x Historia -  |y 1994-2000 
650 |a Política -  |z México -  |x Historia -  |y Siglo XX 
650 |a Zedillo Ponce de León, Ernesto -  |x Tema Principal 
700 |a Sánchez Rebolledo, Adolfo  |e (coordinación) 
700 |a Gutiérrez, Marcela  |e (producción) 
700 |a Sánchez Rebolledo, Adolfo  |e (guión) 
700 |a Aguilar Camín, Héctor  |e (asesoría) 
700 |a Núñez Jiménez, Arturo  |e (conferencia) 
700 |a Quintana, Enrique  |e (conferencia) 
700 |a Rubio, Luis  |e (conferencia) 
700 |a Salazar Carrión, Luis  |e (conferencia) 
700 |a Sidaoui Dib, José Julián  |e (conferencia) 
700 |a Woldenberg, José  |e (conferencia) 
910 |a Fondo General 
920 |a Audiovisuales - Videocasetes 
905 |a 301 
901 |a 0500072553  |b IT2  |c VIS  |u 20250521 
902 |a https://opac.biblio.iteso.mx/vufind/Record/000275297